Statistics for Slow Hands - Niall Horan (Lyrics)

Click here to take the quiz!

General Stats

  • This quiz has been taken 49 times
  • The average score is 249 of 270

Answer Stats

% Correct
a
100%
chance
100%
dirty
100%
drippin'
100%
hands
100%
I
100%
leavin'
100%
No
100%
no
100%
slow
100%
[Chorus]Slow
100%
sweat
100%
that
100%
That
100%
with
100%
without
100%
you
100%
And
96%
and
96%
baby
96%
do
96%
here
96%
I'm
96%
know
96%
laundry
96%
Like
96%
our
96%
the
96%
yeah
96%
Yeah
96%
already
92%
back
92%
me
92%
my
92%
on
92%
stoppin'
92%
there
92%
this
92%
want
92%
[Verse 1]We
92%
Your
92%
ain't
88%
all
88%
bad
88%
down
88%
face
88%
place
88%
plans
88%
said
88%
she
88%
should
88%
Take
88%
take
88%
That's
88%
to
88%
what
88%
'Cause
83%
it
83%
those
83%
be
79%
night
79%
Wanna
79%
wanna
79%
can't
75%
Can't
75%
could
75%
[Bridge]Fingertips
75%
just
75%
puttin'
75%
right
75%
show
75%
time
75%
'bout
71%
day
71%
feel
71%
hope
71%
I've
71%
now
71%
same
71%
thinkin'
71%
way
71%
alone
67%
been
67%
home
63%
Got
58%
tell
54%
say
50%
Uuuh
8%

Score Distribution

Percentile by Number Answered

Percent of People with Each Score

Your Score History

You have not taken this quiz